000 00450nam a2200145 i 4500
001 61524
003 ES-MaACL
007 t|
008 031112s1974 sp ||||1| spa d
245 0 0 _aExámenes de orientación diagnóstica en la práctica médica /
_c[traducción: J. Díaz Vázquez].
260 _a[Madrid] :
_bPaz Montalvo,
_c[1974]
300 _a152 p. ;
_c19 cm.
700 1 _aDíaz Vázquez, J.
_944450
852 _aES-MaACL
_jE-5424
_bR.89620
999 _c61524
_d61524